Elenca la formazione - Quiz n°307 - Statistics

Statistiche generali
  • Questo quiz è stato fatto 75 volte
  • Il punteggio medio è 10 su 11
Statistiche sulle risposte
Ruolo Club dell'epoca Calciatore % Corretto
Centrocampista Milan Andrea Pirlo
99%
Attaccante Roma Francesco Totti
99%
Portiere Juventus Gianluigi Buffon
99%
Difensore Juventus Fabio Cannavaro
96%
Centrocampista Milan Gennaro Gattuso
94%
Attaccante Fiorentina Luca Toni
94%
Difensore Palermo Fabio Grosso
92%
Difensore Inter Marco Materazzi
92%
Difensore Juventus Gianluca Zambrotta
82%
Centrocampista Juventus Mauro Germán Camoranesi
70%
Centrocampista Roma Simone Perrotta
62%
Nessun quiz corrispondente trovato
Distribuzione punteggi
Percentuale di utenti per punteggio
Percentile per numero di risposta
I tuoi punteggi nel tempo
Non hai fatto questo quiz